| 000 | 004400000a22001690004500 | ||
|---|---|---|---|
| 003 | MACL | ||
| 005 | 20151229130908.0 | ||
| 008 | 151229b xxu||||| |||| 00| 0 eng d | ||
| 040 |
_aMACL _cMACL |
||
| 041 | _aEnglish | ||
| 082 | _a149.3/STE | ||
| 100 |
_aSteiner, Rudolf _923800 |
||
| 245 | _aMystics of The Renaissance | ||
| 260 |
_bThe Theosophical Publishing Society _c1911 |
||
| 650 |
_aPhilosophy _923801 |
||
| 942 |
_cBK _k149.3/STE _2ddc |
||
| 999 |
_c39335 _d39335 |
||